La promenade égyptienne /

محفوظ في:

المؤلف الرئيسي: Aveline, Claude, 1901-1992. (مؤلف)

التنسيق: كتاب

اللغة: French

منشور في: Paris : Émile-Paul frères, 1934.

الموضوعات:

الوسوم: إضافة وسم

لا توجد وسوم, كن أول من يضع وسما على هذه التسجيلة!

رقم الطلب: DT55 .A9 1934

LEADER 00815namaa2200241 4500
001 23617
003 OSt
005 20211220142602.0
008 130303s1934 fr abf g 000 0 fre d
952 |0 0  |1 0  |2 lcc  |4 0  |6 DT0055 A9 01934  |7 1  |9 23924  |a ARCE  |b ARCE  |d 2021-12-20  |l 0  |o DT55 .A9 1934  |p 1009366  |r 2021-12-20 00:00:00  |w 2021-12-20  |y BK 
999 |c 23663  |d 23663 
040 |c ARCE Library 
043 |a f-ua--- 
050 4 |a DT55 .A9 1934 
100 1 |a Aveline, Claude,   |d 1901-1992.  |e author  |9 25856 
245 1 3 |a La promenade égyptienne /   |c Claude Aveline. 
264 1 |a Paris :   |b Émile-Paul frères,   |c 1934. 
300 |a 370 pages, [10] leaves of plates :   |b illustrations, map ;   |c 21 cm. 
546 |a French. 
651 0 |a Egypt  |x Antiquities. 
651 0 |a Egypt  |x Description and travel. 
901 |a reviewed 
942 |c BK  |2 lcc